REDUCTION IN REJECTION RATE POLYPROPYLENE BAGS AT SYNTRON LTD THROUGH IMPLEMENTATION OF SIX SIGMA / (Record no. 524616)

000 -LEADER
fixed length control field 00639nam a22001817a 4500
003 - CONTROL NUMBER IDENTIFIER
control field NUST
038 ## - RECORD CONTENT LICENSOR
Staff Name Mr. Zahoor
082 ## - DEWEY DECIMAL CLASSIFICATION NUMBER
Classification number 670.5
100 ## - MAIN ENTRY--PERSONAL NAME
Personal name Muhammad Hamad Sajjad
9 (RLIN) 15419
245 ## - TITLE STATEMENT
Title REDUCTION IN REJECTION RATE POLYPROPYLENE BAGS AT SYNTRON LTD THROUGH IMPLEMENTATION OF SIX SIGMA /
Statement of responsibility, etc. Muhammad Hamad Sajjad
260 ## - PUBLICATION, DISTRIBUTION, ETC.
Place of publication, distribution, etc. Islamabad :
Name of publisher, distributor, etc. SMME - NUST,
Date of publication, distribution, etc. 2012.
300 ## - PHYSICAL DESCRIPTION
Extent ill, 85 p. ;
500 ## - GENERAL NOTE
General note Hardcover.
600 ## - SUBJECT ADDED ENTRY--PERSONAL NAME
Source of heading or term Industrial & Manufacturing Engineering - MS Thesis
700 ## - ADDED ENTRY--PERSONAL NAME
Personal name Supervisor : Dr. Shahid Ikramullah Butt
9 (RLIN) 119623
856 ## - ELECTRONIC LOCATION AND ACCESS
Uniform Resource Identifier <a href=" http://10.250.8.41:8080/xmlui/handle/123456789/9028"> http://10.250.8.41:8080/xmlui/handle/123456789/9028</a>
942 ## - ADDED ENTRY ELEMENTS (KOHA)
Source of classification or shelving scheme
Koha item type Thesis
Holdings
Withdrawn status Lost status Source of classification or shelving scheme Damaged status Not for loan Permanent Location Current Location Shelving location Date acquired Full call number Barcode Date last seen Price effective from Koha item type
          Central Library (CL) Central Library (CL) Thesis 06/24/2019 670.5 CL-T-1773 06/24/2019 06/24/2019 Thesis
© 2023 Central Library, National University of Sciences and Technology. All Rights Reserved.